| 000 | 00631cam a2200181 a 4500 | ||
|---|---|---|---|
| 020 | _a0072862858 (softcover : alk. paper) | ||
| 020 | _a0072958618 (CDROMs and guidebook) | ||
| 020 | _a0072958596 (annotated instructor's ed : softcover : alk. paper) | ||
| 040 | _cDLC | ||
| 082 | 0 | 0 | _a808 MCG 2005 A092 Or. |
| 100 | 1 | _aGregory, Hamilton. | |
| 245 | 1 | 0 | _aPublic speaking for college and career / |
| 250 | _a7th ed. | ||
| 260 |
_aBoston : _bMcGraw-Hill, _cc2005. |
||
| 300 |
_axxxv, 476 p. : _bcol. ill. ; _c26 cm. + _e2 CD-ROMs (4 3/4 in.) + 1 SpeechMate CD-ROM 3.0 guidebook (16 p.) |
||
| 650 | 0 | _aPublic speaking. | |
| 942 | _cEK | ||
| 999 |
_c12589 _d12589 |
||